BSOP header

Wounded warrior, wounded home : (Record no. 38017)

MARC details
000 -LEADER
fixed length control field 01148cam a2200289 i 4500
001 - CONTROL NUMBER
control field 17507495
003 - CONTROL NUMBER IDENTIFIER
control field OSt
005 - DATE AND TIME OF LATEST TRANSACTION
control field 20150204110547.0
008 - FIXED-LENGTH DATA ELEMENTS--GENERAL INFORMATION
fixed length control field 121024s2013 miu b 000 0 eng
010 ## - LIBRARY OF CONGRESS CONTROL NUMBER
LC control number 2012035796
020 ## - INTERNATIONAL STANDARD BOOK NUMBER
International Standard Book Number 9780800721565
042 ## - AUTHENTICATION CODE
Authentication code pcc
043 ## - GEOGRAPHIC AREA CODE
Geographic area code n-us---
100 1# - MAIN ENTRY--PERSONAL NAME
Personal name Waddell, Marshéle Carter.
245 10 - TITLE STATEMENT
Title Wounded warrior, wounded home :
Remainder of title hope and healing for families living with PTSD and TBI /
Statement of responsibility, etc Marshéle Carter Waddell and Kelly K. Orr, PhD, ABPP.
300 ## - PHYSICAL DESCRIPTION
Extent 200 pages ;
Dimensions 22 cm
336 ## - CONTENT TYPE
Source rdacontent
Content Type Term text
337 ## - MEDIA TYPE
Source rdamedia
Media Type Term unmediated
338 ## - CARRIER TYPE
Source rdacarrier
Carrier Type Term volume
504 ## - BIBLIOGRAPHY, ETC. NOTE
Bibliography, etc Includes bibliographical references (pages 191-194).
520 ## - SUMMARY, ETC.
Summary, etc "The wife of a combat veteran and a licensed counselor help families to cope and heal in the aftermath of a service member returning home with PTSD and TBI"
650 #0 - SUBJECT ADDED ENTRY--TOPICAL TERM
Topical term or geographic name as entry element Post-traumatic stress disorder
General subdivision Treatment
Geographic subdivision United States.
650 #0 - SUBJECT ADDED ENTRY--TOPICAL TERM
Topical term or geographic name as entry element Brain damage
General subdivision Patients
-- Family relationships
Geographic subdivision United States.
650 #0 - SUBJECT ADDED ENTRY--TOPICAL TERM
Topical term or geographic name as entry element Families of military personnel
General subdivision Mental health
Geographic subdivision United States.
700 1# - ADDED ENTRY--PERSONAL NAME
Personal name Orr, Kelly K.
942 ## - ADDED ENTRY ELEMENTS (KOHA)
Source of classification or shelving scheme Library of Congress Classification
Item type Books
Holdings
Withdrawn status Lost status Source of classification or shelving scheme Damaged status Not for loan Home library Current library Shelving location Date acquired Source of acquisition Cost, normal purchase price Inventory number Total Checkouts Full call number Barcode Date last seen Price effective from Koha item type
    Library of Congress Classification     BSOP Library BSOP Library GC 02/04/2015   347.50 36870   RC552.P676 W11 2013 00044970 02/04/2015 02/04/2015 Books
BSOP

Biblical Seminary of the Philippines
  All rights Reserved
  © 2024

CONTACT INFORMATION

Biblical Seminary of the Philippines,
  77-B Karuhatan Road, Valenzuela City,
  PHILIPPINES 1441
  Phone: +632 8292-6795 / 8292-6798
  Fax : +632 8292-6675
  Email: library@bsop.edu.ph